000 00339 a2200157 4500
001 59762
020 _a9783442243969
040 _cAnchieta - Pituba
100 _aCanavan, Trudi
240 1 0 _aDie meisterin
_lpor
245 1 0 _aDie meisterin
300 _a701
362 0 _a2006
650 4 _aLiteratura juvenil em alemão
942 _cBK
999 _c59762
_d59762